Discrete mathematics and its applications / (Record no. 106)

MARC details
000 -LEADER
fixed length control field 00616nam a22002052 4500
001 - CONTROL NUMBER
control field 0000000243
005 - DATE AND TIME OF LATEST TRANSACTION
control field 20151021151042.0
008 - FIXED-LENGTH DATA ELEMENTS--GENERAL INFORMATION
fixed length control field 070117s xx 000 0 eng d
020 ## - INTERNATIONAL STANDARD BOOK NUMBER
International Standard Book Number 0070530475 :
Terms of availability KES 3,200
040 ## - CATALOGING SOURCE
Original cataloging agency KABU
Transcribing agency KABU
100 1# - MAIN ENTRY--PERSONAL NAME
Personal name Rose, Kenneth H.
-- 0000160954
245 10 - TITLE STATEMENT
Title Discrete mathematics and its applications /
Statement of responsibility, etc. Kenneth H. Rose.
250 ## - EDITION STATEMENT
Edition statement 5th ed.
260 ## - PUBLICATION, DISTRIBUTION, ETC. (IMPRINT)
Place of publication, distribution, etc. New Delhi :
Name of publisher, distributor, etc. Tata McGraw-Hill,
Date of publication, distribution, etc. 2003.
300 ## - PHYSICAL DESCRIPTION
Extent xxi, 787 [108] p.
650 #0 - SUBJECT ADDED ENTRY--TOPICAL TERM
Topical term or geographic name as entry element Mathematics.
-- 0000148159
908 ## - PUT COMMAND PARAMETER (RLIN)
Put command parameter 070117
950 ## - LOCAL HOLDINGS (RLIN)
-- 1
Holdings
Withdrawn status Lost status Source of classification or shelving scheme Not for loan Home library Current library Date acquired Total Checkouts Total Renewals Full call number Barcode Date last seen Date last checked out Price effective from Koha item type
    Library of Congress Classification   Kabarak, Nakuru City Campus Kabarak, Nakuru City Campus 21/10/2015 4 1 QA39.2 .R67 2003 005541 28/02/2023 10/02/2023 21/10/2015 General Collection
Designed with assistance from East African Informatics Ltd